000 00811nam a2200241Ia 4500
003 OSt
005 20221005110640.0
006 a|||||r|||| 00| 0
007 ta
008 221004b |||||||| |||| 00| 0 hin d
024 _a30382
037 _cTextual
040 _aCRL
_cCRL
_bhin
041 _2hin
_ahin
082 _aV2'L, 152M9
100 _aहबीब, इरफ़ान
245 0 _aमध्यकालीन भारत अंक
_bएक
246 _aMadhyakālīn bhārat aanka: do
260 _aनई दिल्ली
_bराजकमल प्रकाशन प्राइवेट लिमिटेड भारत
_c1981
300 _a160पृ.
_ccm.
942 _hV2'L, 152M9
_cTEXL
_2cc
999 _c1019468
_d1019468